[Event "Rated Blitz tournament daB2Dtbp"]
[Site "?"]
[Date "2021.02.14"]
[Round "?"]
[White "jvj309"]
[Black "Maltinho"]
[Result "0-1"]
[WhiteElo "2418"]
[BlackElo "2468"]
[PlyCount "72"]
[EventDate "2021.??.??"]
[EventType "blitz"]

1. e4 e5 2. Nf3 d5 3. exd5 Bd6 4. d3 f5 5. Be2 Nf6 6. c4 O-O 7. Nc3 c6 8. Bg5
h6 9. Bxf6 Qxf6 10. Qd2 g5 11. h3 c5 12. O-O-O e4 13. dxe4 Bf4 14. e5 Bxd2+ 15.
Rxd2 Qg7 16. e6 Na6 17. Re1 Re8 18. Bd3 Qf6 19. Ne5 Nc7 20. Nf7 Kg7 21. Nd6 Rd8
22. Nxf5+ Kh8 23. g4 Nxe6 24. dxe6 Bxe6 25. Ne4 Qf8 26. Neg3 Re8 27. Red1 Rad8
28. Nh5 Bxf5 29. Bxf5 Rxd2 30. Rxd2 Rd8 31. Re2 Qd6 32. Bc2 Qd4 33. b3 Qa1+ 34.
Bb1 Qc3+ 35. Bc2 Qxh3 36. Nf6 Qf1+ {Normal} 0-1

[Event "Rated Blitz tournament MEHRSKIZ"]
[Site "?"]
[Date "2021.02.14"]
[Round "?"]
[White "Glek_Igor"]
[Black "Mewii2021"]
[Result "0-1"]
[WhiteElo "2492"]
[BlackElo "2316"]
[PlyCount "48"]
[EventDate "2021.??.??"]
[EventType "blitz"]

1. e4 e5 2. Nf3 d5 3. exd5 e4 4. Ne5 Qxd5 5. d4 exd3 6. Nxd3 Nf6 7. Nc3 Qf5 8.
Be2 Bd6 9. Be3 Nc6 10. h3 Be6 11. Qd2 O-O-O 12. a3 Rhe8 13. O-O-O Qa5 14. Nb5
Qxb5 15. Nf4 Qa5 16. Qxa5 Nxa5 17. Nxe6 Rxe6 18. b4 Nc6 19. c4 Be5 20. c5 Bd4
21. Bxd4 Nxd4 22. Bc4 Re4 23. Bxf7 Re2 24. Rhf1 Ne4 {Normal} 0-1

[Event "Rated Blitz game"]
[Site "?"]
[Date "2021.02.14"]
[Round "?"]
[White "Fardien"]
[Black "Lorian2514"]
[Result "0-1"]
[WhiteElo "2288"]
[BlackElo "2422"]
[PlyCount "58"]
[EventDate "2021.??.??"]
[EventType "blitz"]

1. e4 e5 2. Nf3 d5 3. Nxe5 Bd6 4. d4 dxe4 5. Nc4 Nc6 6. Nc3 Bf5 7. Ne3 Bg6 8.
Bb5 a6 9. Bxc6+ bxc6 10. Nc4 Ne7 11. Qe2 f5 12. h4 O-O 13. h5 Bf7 14. Bg5 h6
15. Bh4 Bf4 16. Rd1 Qd7 17. g3 Bd6 18. O-O g5 19. hxg6 Nxg6 20. Bf6 Bxc4 21.
Qxc4+ Kh7 22. Be5 Bxe5 23. dxe5 Qg7 24. Qxc6 Nxe5 25. Qa4 Rae8 26. Rd5 c6 27.
Rd6 Qg4 28. Kg2 Rg8 29. Rh1 Rg6 {Time forfeit} 0-1

[Event "Rated Blitz game"]
[Site "?"]
[Date "2021.02.14"]
[Round "?"]
[White "Jenlen3001"]
[Black "Fantastic_power06"]
[Result "0-1"]
[WhiteElo "2683"]
[BlackElo "2607"]
[PlyCount "104"]
[EventDate "2021.??.??"]
[EventType "blitz"]

1. e4 e5 2. Nf3 d5 3. Nxe5 Bd6 4. d4 dxe4 5. Nc3 Bxe5 6. dxe5 Qxd1+ 7. Kxd1 Nc6
8. Bf4 Bf5 9. Bc4 Nge7 10. e6 O-O-O+ 11. Kc1 fxe6 12. h3 Nd5 13. Bd2 Rhf8 14.
Re1 Bg6 15. Nxe4 Bxe4 16. Rxe4 Rxf2 17. Rxe6 Rxg2 18. Re1 b6 19. a3 Kb7 20. Bd3
Nf6 21. Bc3 Rg3 22. Bxf6 gxf6 23. Bxh7 Rxh3 24. Be4 Rd6 25. b4 a6 26. a4 b5 27.
axb5 axb5 28. Kb2 Kb6 29. Ra3 Rh4 30. Rb3 Re6 31. Rbe3 Nxb4 32. c4 f5 33. Bxf5
Rxe3 34. c5+ Kxc5 35. Rxe3 Kb6 36. Re6+ c6 37. Be4 Kc5 38. Kc3 Nd5+ 39. Kd2
Rh2+ 40. Ke1 Kd4 41. Bf3 Nf4 42. Rxc6 Ke3 43. Rc3+ Nd3+ 44. Kf1 Rf2+ 45. Kg1
Rxf3 46. Rb3 Rg3+ 47. Kh2 Rg4 48. Rb1 Rd4 49. Rxb5 Ke4 50. Rh5 Nf4 51. Rh4 Rd2+
52. Kg1 Rd1+ {Time forfeit} 0-1

[Event "Rated Blitz game"]
[Site "?"]
[Date "2021.02.14"]
[Round "?"]
[White "Impreg"]
[Black "annaly1979"]
[Result "1-0"]
[WhiteElo "2479"]
[BlackElo "2364"]
[PlyCount "79"]
[EventDate "2021.??.??"]
[EventType "blitz"]

1. e4 e5 2. Nf3 d5 3. d4 dxe4 4. Nxe5 Bd6 5. Bf4 Nf6 6. Bc4 O-O 7. O-O Nc6 8.
Nxc6 bxc6 9. Bg5 h6 10. Bh4 a5 11. Nd2 Bf5 12. c3 a4 13. Re1 Re8 14. Nf1 Bg6
15. Ne3 Be7 16. a3 Rb8 17. Rb1 Ra8 18. Qe2 Bh5 19. Qf1 Bg6 20. Ba2 Nh7 21. Bxe7
Qxe7 22. Qc4 Qf6 23. d5 cxd5 24. Nxd5 Qg5 25. Ne3 Re7 26. Rbd1 Nf6 27. Rd4 Nh5
28. Nd5 Re5 29. Qxc7 Rae8 30. Rxa4 Rxd5 31. Bxd5 Qxd5 32. Qb6 Qd2 33. Rf1 e3
34. fxe3 Rxe3 35. Rg4 Kh7 36. Qd4 Re2 37. Qxd2 Rxd2 38. b4 Nf6 39. Rd4 Be4 40.
Rxd2 {Normal} 1-0

[Event "Rated Blitz game"]
[Site "?"]
[Date "2021.02.13"]
[Round "?"]
[White "Meysonn"]
[Black "tactinhos2900"]
[Result "1/2-1/2"]
[WhiteElo "2591"]
[BlackElo "2588"]
[PlyCount "119"]
[EventDate "2021.??.??"]
[EventType "blitz"]

1. e4 e5 2. Nf3 d5 3. d3 Nc6 4. Nbd2 Nf6 5. Be2 Bc5 6. O-O O-O 7. c3 a6 8. Qc2
Ba7 9. h3 Nh5 10. Re1 Nf4 11. Bf1 d4 12. Nc4 Qf6 13. Bxf4 Qxf4 14. Qd2 Qf6 15.
Qg5 Qxg5 16. Nxg5 f6 17. Nf3 Be6 18. Be2 Rfd8 19. Rec1 Rd7 20. Ncd2 dxc3 21.
bxc3 b5 22. a3 Rb8 23. Ne1 a5 24. Bg4 Kf7 25. Kf1 g6 26. Bxe6+ Kxe6 27. Ke2 Bb6
28. Nef3 Rd6 29. Rab1 Rbd8 30. Rxb5 Rxd3 31. Nc4 Na7 32. Rbb1 Bc5 33. Nd4+
R3xd4 34. cxd4 Bxd4 35. Nxa5 c5 36. Rb6+ Rd6 37. Rcb1 Nc8 38. Rxd6+ Nxd6 39.
Rb6 Kd7 40. Ra6 Nxe4 41. f3 Ng3+ 42. Kd3 h5 43. Rxf6 e4+ 44. fxe4 Bxf6 45. Kc4
Kd6 46. Nb7+ Kc6 47. Nxc5 Be7 48. Nd3 Nxe4 49. Ne5+ Kb6 50. Nxg6 Bxa3 51. Nf4
h4 52. Ng6 Nd6+ 53. Kd5 Nf5 54. Ke5 Ne3 55. Nxh4 Be7 56. Nf5 Nxg2 57. Nxe7 Kc7
58. Nf5 Kd7 59. h4 Nxh4 60. Nxh4 {Normal} 1/2-1/2

[Event "Rated Blitz game"]
[Site "?"]
[Date "2021.02.13"]
[Round "?"]
[White "Anjalia_WGM"]
[Black "UkkuBukkaku"]
[Result "1-0"]
[WhiteElo "2485"]
[BlackElo "2408"]
[PlyCount "47"]
[EventDate "2021.??.??"]
[EventType "blitz"]

1. e4 e5 2. Nf3 d5 3. exd5 e4 4. Qe2 Nf6 5. Nc3 Be7 6. Nxe4 Nxd5 7. d3 O-O 8.
Qd1 f5 9. Nc3 Nxc3 10. bxc3 Bf6 11. Bd2 Re8+ 12. Be2 Qe7 13. Kf1 Nc6 14. d4 f4
15. Bxf4 Bg4 16. Be3 Rad8 17. h3 Bh5 18. g4 Bg6 19. Kg2 Be4 20. Bd3 Bxd4 21.
cxd4 Nxd4 22. Bxe4 Qxe4 23. Bxd4 Rxd4 24. Qxd4 {Normal} 1-0

[Event "Rated Blitz game"]
[Site "?"]
[Date "2021.02.13"]
[Round "?"]
[White "Den78"]
[Black "Schachelite"]
[Result "1-0"]
[WhiteElo "2413"]
[BlackElo "2354"]
[PlyCount "117"]
[EventDate "2021.??.??"]
[EventType "blitz"]

1. e4 e5 2. Nf3 d5 3. d4 dxe4 4. Nxe5 Bd6 5. Nc3 Nf6 6. Bc4 O-O 7. O-O Nc6 8.
Nxc6 bxc6 9. h3 c5 10. dxc5 Bxc5 11. Qxd8 Rxd8 12. Bg5 Bb7 13. Rad1 h6 14. Bxf6
gxf6 15. a3 f5 16. Bd5 c6 17. Bc4 Bd4 18. Na4 Kf8 19. c3 Bb6 20. Nxb6 axb6 21.
Rfe1 Ke7 22. Kf1 c5 23. g3 Bc6 24. Ke2 b5 25. Bb3 b4 26. axb4 cxb4 27. c4 Bd7
28. Ke3 Be6 29. h4 Rac8 30. Rd4 Rxd4 31. Kxd4 Kd6 32. Ra1 Rd8 33. Ra6+ Ke7+ 34.
Kc5 Rd2 35. Kxb4 Rxb2 36. Ra2 Rxa2 37. Bxa2 Kd6 38. Bb3 Ke5 39. c5 Bc8 40. Bxf7
f4 41. gxf4+ Kxf4 42. Bh5 e3 43. fxe3+ Kxe3 44. Kb5 Kf4 45. Bf7 Bd7+ 46. Kb6
Ke5 47. Bc4 Kd4 48. Bb5 Bh3 49. c6 Kd5 50. Kc7 Kc5 51. Ba6 Bg2 52. Bb7 h5 53.
Kd7 Kb6 54. Kd6 Bf3 55. Ba8 Ka7 56. c7 Bg4 57. Bc6 Kb6 58. Bd7 Kb7 59. c8=Q+ {
Normal} 1-0

[Event "Rated Blitz game"]
[Site "?"]
[Date "2021.02.13"]
[Round "?"]
[White "MrSuccess"]
[Black "Fantastic_power06"]
[Result "0-1"]
[WhiteElo "2610"]
[BlackElo "2656"]
[PlyCount "28"]
[EventDate "2021.??.??"]
[EventType "blitz"]

1. e4 e5 2. Nf3 d5 3. exd5 e4 4. Qe2 Nf6 5. d3 Qxd5 6. Nc3 Bb4 7. Bd2 Bxc3 8.
Bxc3 O-O 9. dxe4 Nxe4 10. Be5 Nc6 11. Rd1 Qa5+ 12. c3 Bf5 13. b4 Qa3 14. g4
Nxe5 {Normal} 0-1

[Event "Rated Blitz tournament LI0Mk3EO"]
[Site "?"]
[Date "2021.02.13"]
[Round "?"]
[White "anastasop"]
[Black "vovaches"]
[Result "0-1"]
[WhiteElo "2333"]
[BlackElo "2581"]
[PlyCount "92"]
[EventDate "2021.??.??"]
[EventType "blitz"]

1. e4 e5 2. Nf3 d5 3. Nxe5 Bd6 4. d4 dxe4 5. Bf4 Nf6 6. Nc3 O-O 7. Bc4 Nc6 8.
O-O Qe7 9. Nxc6 bxc6 10. Bg5 Bf5 11. Re1 Rab8 12. Bb3 Rfe8 13. f3 h6 14. Bxf6
Qxf6 15. Nxe4 Bxe4 16. Rxe4 Rxe4 17. fxe4 Bf4 18. Qd3 c5 19. Rf1 cxd4 20. g3
Be3+ 21. Kg2 Qg5 22. Rxf7 Kh8 23. Qf1 Qc5 24. Qf3 a5 25. h4 Re8 26. Qg4 Qe5 27.
Bd5 d3 28. cxd3 Qxb2+ 29. Kh3 Bg1 30. Qf5 Qh2+ 31. Kg4 Qe2+ 32. Qf3 h5+ 33. Kf4
Qd2+ 34. Kf5 Qh6 35. e5 Bd4 36. e6 Qh7+ 37. Kg5 Rg8 38. Rf8 Bf6+ 39. Rxf6 gxf6+
40. Kf4 Rg4+ 41. Ke3 Qg7 42. Kd2 Rxg3 43. Qf5 Qh6+ 44. Kc3 Qc1+ 45. Kd4 c5+ 46.
Ke4 Qe3# {Normal} 0-1

[Event "Rated Blitz game"]
[Site "?"]
[Date "2021.02.13"]
[Round "?"]
[White "james78"]
[Black "batasjon"]
[Result "1-0"]
[WhiteElo "2438"]
[BlackElo "2314"]
[PlyCount "73"]
[EventDate "2021.??.??"]
[EventType "blitz"]

1. e4 e5 2. Nf3 d5 3. exd5 e4 4. Qe2 Nf6 5. Nc3 Be7 6. Nxe4 O-O 7. d3 Re8 8.
Bd2 Nxd5 9. O-O-O f5 10. Be3 Nxe3 11. Qxe3 fxe4 12. dxe4 Bd7 13. Bc4+ Kf8 14.
Ne5 Bg5 15. f4 Rxe5 16. Rhf1 Bh6 17. fxe5+ Ke8 18. Bf7+ Ke7 19. Rf4 Bxf4 20.
Qxf4 Qf8 21. Rf1 Kd8 22. e6 Be8 23. Qg5+ Qe7 24. Rd1+ Nd7 25. Qd5 Bxf7 26.
Qxd7+ Qxd7 27. Rxd7+ Ke8 28. Rxf7 Rd8 29. Rxg7 Kf8 30. Rxh7 Rc8 31. Kd2 b6 32.
Ke3 Kg8 33. Rf7 a5 34. Kf4 Rf8 35. Ke5 Rxf7 36. exf7+ Kxf7 37. g4 {Normal} 1-0

[Event "Rated Blitz game"]
[Site "?"]
[Date "2021.02.13"]
[Round "?"]
[White "Webmc3"]
[Black "specialprize4u"]
[Result "1/2-1/2"]
[WhiteElo "2409"]
[BlackElo "2351"]
[PlyCount "47"]
[EventDate "2021.??.??"]
[EventType "blitz"]

1. e4 e5 2. Nf3 d5 3. exd5 e4 4. Ne5 Qxd5 5. d4 exd3 6. Nxd3 Nf6 7. Nc3 Qd8 8.
Be2 Bd6 9. Bg5 O-O 10. O-O h6 11. Bh4 Nbd7 12. Bf3 c6 13. Re1 Qc7 14. Bg3 Bxg3
15. hxg3 Nb6 16. Ne4 Nxe4 17. Bxe4 Be6 18. Qh5 Rad8 19. Rad1 Nd5 20. a3 Nf6 21.
Qf3 Nxe4 22. Qxe4 Bd5 23. Qg4 f5 24. Qh5 {Normal} 1/2-1/2

[Event "Rated Blitz tournament 12JFRTBA"]
[Site "?"]
[Date "2021.02.13"]
[Round "?"]
[White "music_2003"]
[Black "Rud_Makarian"]
[Result "1-0"]
[WhiteElo "2398"]
[BlackElo "2544"]
[PlyCount "71"]
[EventDate "2021.??.??"]
[EventType "blitz"]

1. e4 e5 2. Nf3 d5 3. Nxe5 Nf6 4. d4 dxe4 5. Nc3 Bd6 6. Bg5 Bf5 7. Bc4 O-O 8.
O-O h6 9. Bh4 Nc6 10. f3 Nxe5 11. dxe5 Bxe5 12. Qxd8 Raxd8 13. fxe4 Bd4+ 14.
Kh1 Bxc3 15. bxc3 Bxe4 16. Bxf6 gxf6 17. Rxf6 Kg7 18. Raf1 Bg6 19. R6f2 c6 20.
h3 Rd6 21. Kh2 Rd7 22. Re1 Rfd8 23. Rf3 b5 24. Bb3 c5 25. c4 b4 26. c3 Rd2 27.
cxb4 cxb4 28. c5 Rc8 29. Re7 Rxc5 30. Bxf7 Bxf7 31. Rexf7+ Kg6 32. R3f6+ Kg5
33. Rf3 Rc3 34. Rg7+ Kh4 35. Rg4+ Kh5 36. Rf5# {Normal} 1-0

[Event "Rated Blitz game"]
[Site "?"]
[Date "2021.02.13"]
[Round "?"]
[White "justantan"]
[Black "Fantastic_power06"]
[Result "0-1"]
[WhiteElo "2751"]
[BlackElo "2640"]
[PlyCount "46"]
[EventDate "2021.??.??"]
[EventType "blitz"]

1. e4 e5 2. Nf3 d5 3. exd5 e4 4. Qe2 Nf6 5. d3 Qxd5 6. Ng5 Nc6 7. Nxe4 Be6 8.
Nxf6+ gxf6 9. Nc3 Bb4 10. Bd2 Qa5 11. Ne4 O-O-O 12. a3 Bxd2+ 13. Qxd2 Qb6 14.
O-O-O Nd4 15. Qb4 Qc6 16. Qc5 Qa4 17. Rd2 Rd5 18. Qe7 Re8 19. Qxf6 Rf5 20. Qh6
Bb3 21. c3 Nb5 22. g4 Nxa3 23. gxf5 Nc4 {Normal} 0-1

[Event "Rated Blitz game"]
[Site "?"]
[Date "2021.02.13"]
[Round "?"]
[White "Slea"]
[Black "pasha1984"]
[Result "1-0"]
[WhiteElo "2423"]
[BlackElo "2422"]
[PlyCount "71"]
[EventDate "2021.??.??"]
[EventType "blitz"]

1. e4 e5 2. Nf3 d5 3. exd5 e4 4. Qe2 Nf6 5. Nc3 Be7 6. Nxe4 Nxd5 7. Nc3 Nb4 8.
d3 O-O 9. a3 N4c6 10. Be3 Re8 11. Qd2 f5 12. Be2 Bf6 13. O-O h6 14. Rfe1 g5 15.
d4 f4 16. Bxf4 gxf4 17. Bc4+ Kg7 18. Qxf4 Rxe1+ 19. Rxe1 Qd6 20. Qxd6 cxd6 21.
Nb5 Na6 22. c3 Bg4 23. Nxd6 Bxf3 24. gxf3 Na5 25. Bd3 Nc7 26. b4 Nc6 27. Nxb7
Nd5 28. Be4 Nce7 29. c4 Nc3 30. d5 Ng6 31. Bxg6 Kxg6 32. d6 Kf5 33. c5 Rg8+ 34.
Kf1 Nd5 35. c6 Nf4 36. c7 {Time forfeit} 1-0

[Event "Rated Blitz game"]
[Site "?"]
[Date "2021.02.13"]
[Round "?"]
[White "saachinn"]
[Black "DarthZannah"]
[Result "0-1"]
[WhiteElo "2344"]
[BlackElo "2473"]
[PlyCount "74"]
[EventDate "2021.??.??"]
[EventType "blitz"]

1. e4 e5 2. Nf3 d5 3. Nc3 d4 4. Ne2 Bd6 5. d3 f5 6. exf5 Bxf5 7. Ng3 Bd7 8. Ne4
Nc6 9. g3 Nf6 10. Nxd6+ cxd6 11. Bg2 O-O 12. O-O Ne7 13. Bg5 Bc6 14. Qd2 h6 15.
Bxh6 gxh6 16. Qxh6 Nf5 17. Qg6+ Ng7 18. h4 Nh7 19. Nd2 Qf6 20. Qg4 Bxg2 21.
Kxg2 Qh6 22. Nc4 Nf6 23. Qe2 Rad8 24. a4 Nf5 25. Rh1 Kf7 26. Qf3 Ke6 27. Qxb7
Ng4 28. Qe4 Qg7 29. Qe2 Nxf2 30. Qxf2 Ne3+ 31. Nxe3 Rxf2+ 32. Kxf2 dxe3+ 33.
Kg2 Rg8 34. Rh3 Rf8 35. Re1 Rf2+ 36. Kg1 Qf6 37. h5 Qf3 {Normal} 0-1

[Event "Rated Blitz game"]
[Site "?"]
[Date "2021.02.13"]
[Round "?"]
[White "Frepo"]
[Black "Fantastic_power06"]
[Result "0-1"]
[WhiteElo "2468"]
[BlackElo "2637"]
[PlyCount "80"]
[EventDate "2021.??.??"]
[EventType "blitz"]

1. e4 e5 2. Nf3 d5 3. Nxe5 Bd6 4. d4 dxe4 5. Nc4 Nc6 6. Nxd6+ Qxd6 7. Be3 Nf6
8. Be2 Qb4+ 9. Qd2 Qxb2 10. Qc3 Qxc3+ 11. Nxc3 Nb4 12. Kd2 c6 13. Na4 O-O 14.
c4 Bg4 15. Rab1 a5 16. a3 Bxe2 17. Kxe2 Nc2 18. Rxb7 Nxa3 19. Rc1 Rfb8 20. Rb6
Nd7 21. Rxc6 Rb4 22. Nc5 Nf6 23. Bg5 Ng4 24. Nxe4 Re8 25. Kf3 f5 26. Nd6 Rb3+
27. Kf4 Rf8 28. f3 h6 29. Be7 g5+ 30. Bxg5 hxg5+ 31. Kxg5 Nf6 32. Nxf5 Nh7+ 33.
Kg6 Rb7 34. Nh6+ Kh8 35. d5 Rg7+ 36. Kh5 Rg5+ 37. Kh4 Rf4+ 38. Ng4 Rg7 39. Re1
Rfxg4+ 40. fxg4 Nf8 {Time forfeit} 0-1

[Event "Rated Blitz game"]
[Site "?"]
[Date "2021.02.13"]
[Round "?"]
[White "MicFed"]
[Black "Blind2250"]
[Result "1-0"]
[WhiteElo "2423"]
[BlackElo "2470"]
[PlyCount "111"]
[EventDate "2021.??.??"]
[EventType "blitz"]

1. e4 e5 2. Nf3 d5 3. exd5 e4 4. Qe2 Nf6 5. Nc3 Be7 6. Nxe4 Nxd5 7. d3 O-O 8.
Qd1 Re8 9. Be2 f5 10. Ng3 Bb4+ 11. c3 Ba5 12. O-O Bb6 13. Bg5 Qd6 14. d4 h6 15.
c4 hxg5 16. cxd5 Qf6 17. Ne5 Nd7 18. Bh5 Rd8 19. Re1 Nf8 20. Bf7+ Kh7 21. Re3
g6 22. Qd3 Kg7 23. Rae1 c5 24. Bxg6 cxd4 25. Nh5+ Kh6 26. Nxf6 dxe3 27. Rxe3
Bxe3 28. Bxf5 Bf4 29. Nf7+ Kg7 30. Nxd8 Kxf6 31. g4 Bd7 32. Bxd7 Nxd7 33. Qf5+
Ke7 34. Nxb7 Rc8 35. Qe6+ Kf8 36. Qxd7 Rc1+ 37. Kg2 Rc2 38. Nd6 Bxd6 39. Qxd6+
Kg7 40. Qe7+ Kg6 41. Qe6+ Kg7 42. Qe5+ Kf8 43. Qf5+ Ke7 44. Qxc2 Kd6 45. Qc6+
Ke5 46. Qb7 Kd6 47. Qxa7 Kxd5 48. Qg7 Ke6 49. Qxg5 Kd6 50. h4 Kd7 51. h5 Ke6
52. h6 Kd6 53. h7 Kc6 54. h8=Q Kb6 55. Qhd8+ Kc6 56. Qgd5# {Normal} 1-0

[Event "Rated Blitz game"]
[Site "?"]
[Date "2021.02.13"]
[Round "?"]
[White "SomeCM"]
[Black "annaly1979"]
[Result "1-0"]
[WhiteElo "2434"]
[BlackElo "2423"]
[PlyCount "73"]
[EventDate "2021.??.??"]
[EventType "blitz"]

1. e4 e5 2. Nf3 d5 3. exd5 e4 4. Qe2 f5 5. d3 Nf6 6. dxe4 fxe4 7. Nc3 Bb4 8.
Qb5+ c6 9. dxc6 Bxc3+ 10. bxc3 Nxc6 11. Nd4 O-O 12. Bc4+ Kh8 13. O-O Nxd4 14.
cxd4 Qxd4 15. Bb2 Qd2 16. Bxf6 gxf6 17. Bb3 Bg4 18. Qxb7 Rae8 19. Qxa7 Qg5 20.
Qe3 Qg6 21. Qg3 Qh5 22. h3 Be2 23. Rfe1 e3 24. fxe3 Re5 25. Qf2 Ba6 26. e4 Qg6
27. Qf4 Rg5 28. Qf2 Re8 29. Bd5 Bc8 30. Kh2 h5 31. Re3 h4 32. Qxh4+ Rh5 33. Qf2
Qh6 34. Rf3 Bg4 35. Rxf6 Rxh3+ 36. gxh3 Qxh3+ 37. Kg1 {Normal} 1-0

[Event "Rated Blitz game"]
[Site "?"]
[Date "2021.02.13"]
[Round "?"]
[White "Starazagora"]
[Black "MiguelThal"]
[Result "1-0"]
[WhiteElo "2442"]
[BlackElo "2365"]
[PlyCount "78"]
[EventDate "2021.??.??"]
[EventType "blitz"]

1. e4 e5 2. Nf3 d5 3. Nc3 d4 4. Nb1 Nc6 5. Bc4 Nf6 6. d3 Bg4 7. Nbd2 Be7 8. h3
Bh5 9. g4 Bg6 10. Nf1 Qd6 11. Ng3 a6 12. a3 O-O-O 13. Bd2 Nd7 14. b4 h5 15.
gxh5 Bxh5 16. Nxh5 Rxh5 17. Nxd4 Nxd4 18. Qxh5 Nxc2+ 19. Ke2 Nxa1 20. Rxa1 g6
21. Qf3 Rf8 22. Rc1 f5 23. Bh6 fxe4 24. Qxe4 Rf5 25. Qg4 Qf6 26. Be3 b5 27. Bd5
Qd6 28. Be4 Rf6 29. Rc6 Qxc6 30. Bxc6 Rxc6 31. h4 Kd8 32. Qg2 Rd6 33. Qa8+ Nb8
34. Ba7 e4 35. Qxb8+ Kd7 36. dxe4 Bxh4 37. Bc5 Re6 38. f3 Be7 39. Bxe7 Rxe7 {
Normal} 1-0

[Event "Rated Blitz game"]
[Site "?"]
[Date "2021.02.13"]
[Round "?"]
[White "Den78"]
[Black "Schachelite"]
[Result "1-0"]
[WhiteElo "2403"]
[BlackElo "2364"]
[PlyCount "105"]
[EventDate "2021.??.??"]
[EventType "blitz"]

1. e4 e5 2. Nf3 d5 3. d4 dxe4 4. Nxe5 Bd6 5. Nc4 Nf6 6. Nxd6+ Qxd6 7. Nc3 O-O
8. Be3 Nc6 9. h3 Rd8 10. Nb5 Qb4+ 11. c3 Qxb2 12. Rb1 Qxa2 13. Nxc7 Rb8 14. Bb5
Qa5 15. Qd2 Qxc7 16. Bf4 Rd6 17. O-O a6 18. Ba4 b5 19. Bxd6 Qxd6 20. Bb3 Be6
21. Bxe6 Qxe6 22. Rfe1 Rd8 23. Ra1 a5 24. f3 b4 25. fxe4 bxc3 26. Qxc3 Rxd4 27.
e5 Nd5 28. Qb2 Rb4 29. Qc2 g6 30. Rac1 Nxe5 31. Qc8+ Qxc8 32. Rxc8+ Kg7 33.
Rxe5 Nf4 34. g3 Rb1+ 35. Kh2 Rb2+ 36. Kh1 Nxh3 37. Rxa5 h5 38. Rca8 Nf2+ 39.
Kg2 Ng4+ 40. Kf3 Rf2+ 41. Ke4 f5+ 42. Kd5 Rd2+ 43. Ke6 Re2+ 44. Kd7 Nf6+ 45.
Kd6 Ne4+ 46. Kd5 Nxg3 47. R5a7+ Kh6 48. Ra3 h4 49. Ra2 Re4 50. Rh8+ Kg5 51. Rh2
Nh5 52. Rg8 Rg4 53. Rh8 {Time forfeit} 1-0

[Event "Rated Blitz game"]
[Site "?"]
[Date "2021.02.13"]
[Round "?"]
[White "justinzz"]
[Black "mm_63"]
[Result "1-0"]
[WhiteElo "2455"]
[BlackElo "2452"]
[PlyCount "111"]
[EventDate "2021.??.??"]
[EventType "blitz"]

1. e4 e5 2. Nf3 d5 3. Nxe5 Bd6 4. d4 dxe4 5. Bf4 Nf6 6. Qd2 O-O 7. Nc3 Bg4 8.
h3 Bh5 9. Bc4 Nc6 10. Nxc6 bxc6 11. Bg5 Bg6 12. O-O Be7 13. Rfe1 Re8 14. Rad1
Nd5 15. Bxe7 Rxe7 16. Na4 f5 17. Bb3 Re8 18. c4 Nf6 19. d5 Qe7 20. dxc6 Bh5 21.
Rc1 Qe5 22. Qc3 Qxc3 23. Nxc3 Bf7 24. Nb5 Re7 25. Rcd1 a6 26. Nd4 g6 27. Ne2 a5
28. Nc3 Ne8 29. Rd4 Ng7 30. f3 Ne6 31. Rd2 Nc5 32. Nd5 Bxd5 33. cxd5 Nxb3 34.
axb3 e3 35. Rd3 f4 36. h4 Rd8 37. g3 fxg3 38. Kg2 Re5 39. d6 cxd6 40. Kxg3 Rc5
41. Rexe3 Rxc6 42. Re7 d5 43. Ra7 Rcd6 44. Rxa5 d4 45. b4 R8d7 46. b5 Kg7 47.
b4 Kf6 48. Ra6 Ke5 49. Rc6 Kd5 50. Rc5+ Ke6 51. Kf4 Rf7+ 52. Ke4 Kd7 53. Rxd4
Rf4+ 54. Kxf4 Rxd4+ 55. Kg5 Rxb4 56. f4 {Time forfeit} 1-0

[Event "Rated Blitz tournament 12JFRTBA"]
[Site "?"]
[Date "2021.02.13"]
[Round "?"]
[White "dozer01"]
[Black "clashq"]
[Result "1-0"]
[WhiteElo "2609"]
[BlackElo "2279"]
[PlyCount "73"]
[EventDate "2021.??.??"]
[EventType "blitz"]

1. e4 e5 2. Nf3 d5 3. Nxe5 Nf6 4. d4 Bd6 5. Nc3 dxe4 6. Bg5 Bf5 7. Bc4 O-O 8.
O-O Nbd7 9. f4 exf3 10. Nxf7 Rxf7 11. Bxf7+ Kxf7 12. Qxf3 Bg6 13. Qxb7 Kg8 14.
Nd5 Rb8 15. Qc6 Rxb2 16. Rae1 Rb8 17. c4 h6 18. Bh4 Bf8 19. Kh1 Qc8 20. Bxf6
Nxf6 21. Nxf6+ gxf6 22. Rxf6 Bf7 23. Ref1 Qe8 24. Qxe8 Rxe8 25. Rxf7 Bd6 26. c5
Be7 27. g3 Bg5 28. Rxc7 Re4 29. d5 Rd4 30. d6 Rd5 31. Re1 Kf8 32. d7 Be7 33. c6
a5 34. Rc8+ Kf7 35. Rxe7+ Kxe7 36. Re8+ Kf7 37. d8=Q {Normal} 1-0

[Event "Rated Blitz game"]
[Site "?"]
[Date "2021.02.13"]
[Round "?"]
[White "arthoruiz"]
[Black "DarthZannah"]
[Result "1-0"]
[WhiteElo "2300"]
[BlackElo "2481"]
[PlyCount "93"]
[EventDate "2021.??.??"]
[EventType "blitz"]

1. e4 e5 2. Nf3 d5 3. Nxe5 dxe4 4. d4 Nd7 5. Bf4 Ngf6 6. Nc3 Be7 7. Bc4 O-O 8.
Qe2 Bb4 9. O-O-O Bxc3 10. bxc3 c6 11. f3 exf3 12. gxf3 Qa5 13. Rhg1 Nxe5 14.
Bxe5 Ne8 15. Rxg7+ Nxg7 16. Rg1 Re8 17. Rxg7+ Kh8 18. Qg2 Bg4 19. Qxg4 Rxe5 20.
dxe5 Qxe5 21. Rxf7 Qxc3 22. Rd7 Re8 23. Qd4+ Qxd4 24. Rxd4 Re7 25. f4 Kg7 26.
f5 Kf6 27. Be6 Rg7 28. Rd7 Rg1+ 29. Kb2 b5 30. Rxa7 h5 31. Rh7 c5 32. Rxh5 c4
33. Kc3 Ke5 34. Bd7 Ra1 35. Kb2 Rd1 36. Bxb5 Kd4 37. Rh4+ Kc5 38. Bxc4 Rd6 39.
Be6 Rb6+ 40. Kc3 Kd6 41. Rd4+ Ke5 42. Rd5+ Kf6 43. a4 Rc6+ 44. Kd3 Ra6 45. a5
Rc6 46. c4 Ra6 47. Rc5 {Normal} 1-0

[Event "Rated Blitz game"]
[Site "?"]
[Date "2021.02.13"]
[Round "?"]
[White "Papus1234"]
[Black "Fantastic_power06"]
[Result "1-0"]
[WhiteElo "2639"]
[BlackElo "2666"]
[PlyCount "121"]
[EventDate "2021.??.??"]
[EventType "blitz"]

1. e4 e5 2. Nf3 d5 3. exd5 e4 4. Qe2 Nf6 5. d3 Qxd5 6. Nbd2 Nc6 7. Nxe4 Be6 8.
Nxf6+ gxf6 9. Qe4 Qc5 10. d4 Qh5 11. Bc4 Qg6 12. Qxg6 hxg6 13. Bxe6 fxe6 14.
O-O g5 15. c3 Kf7 16. h3 Bd6 17. Re1 Rae8 18. Be3 Ne7 19. Rad1 Nf5 20. Bc1 c6
21. Nd2 Rh7 22. Ne4 Be7 23. f4 gxf4 24. Bxf4 Rg8 25. Rd3 Nh4 26. Rg3 Rd8 27.
Kf2 Nf5 28. Rf3 Nh4 29. Rfe3 Nf5 30. R3e2 Re8 31. Ng3 Ng7 32. Kg1 Bd8 33. Rf2
Bb6 34. Be5 Rh6 35. Ref1 f5 36. Re2 Rg6 37. Kh2 Rg8 38. Ne4 Ne8 39. g4 Ng7 40.
Nd6+ Ke7 41. gxf5 exf5 42. Nxf5+ Nxf5 43. Rxf5 Ke6 44. Rf1 Bd8 45. Bf6+ Kd5 46.
Bxd8 Rxd8 47. Rf5+ Kc4 48. Rc5+ Kd3 49. Rg2 Rf6 50. Rcg5 Rdf8 51. R5g3+ Kc4 52.
b3+ Kb5 53. Rg5+ Kb6 54. c4 Rd8 55. d5 cxd5 56. Rxd5 Re8 57. Rgd2 Kc6 58. b4
Re3 59. b5+ Kc7 60. c5 Rff3 61. Rd7+ {Normal} 1-0

[Event "Rated Blitz game"]
[Site "?"]
[Date "2021.02.13"]
[Round "?"]
[White "jshutzman"]
[Black "Coronninha"]
[Result "1-0"]
[WhiteElo "2459"]
[BlackElo "2311"]
[PlyCount "139"]
[EventDate "2021.??.??"]
[EventType "blitz"]

1. e4 e5 2. Nf3 d5 3. exd5 e4 4. Qe2 Be7 5. Qxe4 Nf6 6. Qd4 O-O 7. Bc4 Nbd7 8.
O-O Bc5 9. Qh4 Nb6 10. Bb3 Nbxd5 11. d4 Be7 12. Nc3 Bf5 13. Nxd5 Nxd5 14. Bg5
Nf6 15. Rfe1 h6 16. Bxf6 Bxf6 17. Qf4 Bh7 18. Rad1 a5 19. a4 c6 20. Ne5 Qc7 21.
Ng6 Qxf4 22. Nxf4 Rad8 23. c3 Rd6 24. Nh5 Bg5 25. Ng3 Bd8 26. Ne4 Bxe4 27. Rxe4
Bf6 28. Rde1 g6 29. g3 Kg7 30. f4 h5 31. Kf2 Rc8 32. Kf3 c5 33. dxc5 Rxc5 34.
R1e2 Rb6 35. Bc4 Rcc6 36. Bb5 Rd6 37. h3 Rd1 38. g4 hxg4+ 39. hxg4 Bh4 40. g5
Rbd6 41. Re7 Rf1+ 42. Kg4 Rd5 43. Bc4 Rf5 44. Kxh4 R1xf4+ 45. Kg3 Rxc4 46. R7e5
Rc5 47. Rxc5 Rxc5 48. Kg4 Rf5 49. Re7 b5 50. Re4 bxa4 51. Rxa4 Rb5 52. b4 axb4
53. Rxb4 Rc5 54. c4 Re5 55. Kf4 Re1 56. c5 Rf1+ 57. Ke4 Rc1 58. Kd5 Rg1 59. c6
Rxg5+ 60. Kd6 Rg1 61. Rc4 Rd1+ 62. Kc5 Rd8 63. c7 Rc8 64. Kd6 g5 65. Kd7 Rxc7+
66. Kxc7 Kg6 67. Kd6 f5 68. Ke5 g4 69. Kf4 Kf6 70. Rc6+ {Normal} 1-0